[Event "Teplice Open 2017"]
[Site "Teplice"]
[Date "2017.06.12"]
[Round "3"]
[White "Kaczmarek Alexander F"]
[Black "Dragun, Kamil"]
[Result "0-1"]
[WhiteElo "2363"]
[BlackElo "2614"]
[Annotator "TA"]
[PlyCount "60"]
[EventDate "2017.??.??"]
[EventCountry "CZE"]
[SourceTitle "playchess.com"]
[Source "ChessBase"]
[SourceQuality "1"]

{[%evp 20,60,21,-2,37,20,55,47,60,0,0,0,10,12,12,-188,-135,-146,-145,-140,-129,-137,-144,-160,-137,-142,-150,-163,-195,-303,-231,-245,-244,-245,-235,-514,-535,-717,-729,-721,-721,-687,-674]} 1. e4 c5 2. Nf3 e6 3. d4 cxd4 4. Nxd4 a6 5. Nc3 Qc7 6. Bd3 Nc6 7. Nxc6 dxc6 8. O-O Nf6 9. f4 e5 10. Kh1 Bc5 11. f5 h5 {B43: Sicilian: Kan Variation: 5 Nc3} (11... b5 12. a4 b4 13. Nb1 h5 14. Bg5 Be7 15. Be3 c5 16. Nd2 Bb7 17. Rf3 Ng4 18. Bg1 Bg5 19. Nc4 {1-0 (46) Pinkovetsky,S (2639)-Elwert,H (2724) ICCF email 2006}) 12. a4 Ng4 13. Qe1 b6 $146 {White is slightly better.} ({Predecessor:} 13... a5 14. Bd2 Qd6 15. h3 Bd7 16. Nd1 Qc7 17. b3 Bd4 18. Ra2 Qb6 19. Bc4 {1-0 (56) Kovchan,A (2485)-Feller,S (2191) Cappelle-la-Grande 2005}) 14. b4 Bxb4 15. Nd5 cxd5 16. Qxb4 Bb7 17. Ba3 $2 (17. exd5 $1 $11 {and White is okay.} Bxd5 18. Re1) 17... dxe4 (17... O-O-O $19 18. a5 bxa5) 18. Bxe4 $17 O-O-O $1 {[%cal Ba8d8,Bd8d4,Bd4d2][%mdl 32]} 19. Bxb7+ Kxb7 20. Qe4+ Qc6 21. Qe2 Rhe8 22. c4 Rd4 $36 {[%mdl 2048] Strongly threatening ...Red8. Keeping White busy.} 23. c5 {[#]} Red8 $1 ({Don't do} 23... Rxa4 24. h3 $15) 24. Qb2 (24. Rab1 {keeps fighting.} Rd2 25. Rxb6+ Qxb6 26. Qxd2 Rxd2 27. cxb6) 24... Rd2 {[%csl Gd2][%cal Rc6g2]} 25. Qxb6+ Qxb6 26. cxb6 Ne3 ({Less strong is} 26... Kxb6 27. Rab1+ Kc6 28. Rbc1+ Kd7 29. Bb4 $17) 27. Rfc1 $2 {[#]} (27. Rg1) 27... Nc2 $1 $19 {[%cal Rc2a1] Black is clearly winning.} 28. Be7 R8d7 29. Bg5 Nxa1 30. Bxd2 Nb3 {Precision: White = 35%, Black = 73%.} (30... Rxd2 $2 31. Rxa1 Kxb6 32. Kg1 $19) 0-1

[Event "Teplice Open 2017"]
[Site "Teplice"]
[Date "2017.06.12"]
[Round "3"]
[White "Holtman, Teodor"]
[Black "Sengupta, Deep"]
[Result "0-1"]
[WhiteElo "2344"]
[BlackElo "2594"]
[Annotator "TA"]
[PlyCount "68"]
[EventDate "2017.??.??"]
[EventCountry "CZE"]
[SourceTitle "playchess.com"]
[Source "ChessBase"]
[SourceQuality "1"]

{[%evp 15,68,20,24,27,29,30,16,22,18,12,20,0,0,-8,-15,-33,-21,-28,-35,-43,-19,-45,-47,-53,-47,-54,-42,-34,-35,-48,-41,-59,-53,-208,-187,-472,-460,-460,-239,-235,-237,-208,-245,-345,-330,-322,-334,-349,-382,-407,-361,-404,-402,-825,-839]} 1. e4 e5 2. Nf3 {[%cal Bg1f3,Bf3d4,Bd4b3][%mdl 32]} Nc6 3. d4 exd4 4. Nxd4 Bc5 5. Nb3 Bb6 6. Nc3 d6 7. Qe2 a5 {C45: Scotch Game} 8. Be3 a4 {[#] LiveBook: 4 Games. ...Bxe3 is the strong threat.} 9. Bxb6 {Threatens to win with Nd4.} axb3 {White has an edge.} 10. Be3 bxa2 11. Rxa2 Rxa2 12. Nxa2 Nge7 13. Qb5 $146 ({Predecessor:} 13. Qd2 d5 14. exd5 Qxd5 15. Nc3 Qxd2+ 16. Kxd2 {1-0 (25) Duda,J (2671)-Hovhannisyan,R (2640) Martuni 2016}) 13... O-O 14. Nc3 f5 15. Bc4+ Kh8 16. f3 fxe4 17. fxe4 Ne5 18. Rf1 c6 19. Qb3 N7g6 {[%cal Be7g6,Bg6f8,Bf8e6][%mdl 32] Strongly threatening ...Qh4+.} 20. Rxf8+ $1 Nxf8 21. Bf4 b5 $36 {[%mdl 2048] Black has good play.} 22. Be2 Ne6 23. Be3 Qh4+ 24. g3 $2 ({White should play} 24. Kd1 $15) 24... Qxh2 $19 {Hoping for ...Ng5!} 25. Nxb5 $2 (25. Qa3 Qxg3+ 26. Kd2) 25... Qxg3+ (25... cxb5 $2 26. Qxb5 Qxg3+ 27. Kd2 $19) 26. Kd2 cxb5 (26... Nf4 $142 27. Nd4 Ng2) 27. Qxb5 {[#] White wants to mate with Qe8+.} Qg6 28. Qb8 Qe8 29. Ba6 (29. Qxd6 $142 Nf8 30. b3) 29... Bd7 30. Qxd6 Nf7 31. Qb6 Neg5 32. Bd3 Nxe4+ 33. Kc1 Nf6 {White must now prevent ...Nd5.} 34. b4 (34. Bf2 $142) 34... Nd5 {Precision: White = 31%, Black = 86%.} 0-1

[Event "Teplice Open 2017"]
[Site "Teplice"]
[Date "2017.06.12"]
[Round "3"]
[White "Vlasak, Lukas"]
[Black "Stocek, Jiri"]
[Result "0-1"]
[WhiteElo "2338"]
[BlackElo "2585"]
[Annotator "TA"]
[PlyCount "74"]
[EventDate "2017.??.??"]
[EventCountry "CZE"]
[SourceTitle "playchess.com"]
[Source "ChessBase"]
[SourceQuality "1"]

{[%evp 11,74,17,24,14,17,0,16,0,30,-16,-16,-15,-6,-13,1,-31,-39,-38,-59,-68,-73,-95,-61,-73,-59,-80,-72,-79,-74,-71,-73,-61,-68,-65,-65,-88,-86,-83,-83,-131,-126,-150,-124,-192,-191,-189,-195,-195,-186,-227,-215,-218,-229,-323,-332,-326,-316,-332,-322,-318,-194,-314,-317,-383,-329]} 1. c4 e5 2. Nc3 Bb4 3. Qb3 Bc5 (3... a5 4. Nd5 Nc6 5. g3 Nf6 6. Bg2 O-O 7. e3 Nxd5 8. cxd5 Ne7 9. Ne2 c6 10. a3 Bd6 11. Nc3 cxd5 12. Nxd5 Nxd5 13. Qxd5 {½-½ (38) Morozevich,A (2739)-Vitiugov,N (2719) Tromsoe 2013}) 4. Nf3 d6 5. e3 Nc6 6. a3 {A21: English Opening: 1...e5 2 Nc3} Nf6 $146 {LiveBook: 3 Games} ({Predecessor:} 6... a6 7. h3 Nf6 8. Qc2 O-O 9. b4 Ba7 10. Bb2 Re8 11. Bd3 {1-0 (41) Speelman,J (2583)-Sandipan,C (2507) Torquay 2002}) 7. h3 O-O 8. Qc2 {The position is equal.} a5 9. b3 Qe7 10. Nd5 Nxd5 11. cxd5 Nb8 {[%cal Bc6b8,Bb8d7,Bd7f6,Bf6e4,Be4d2][%mdl 32]} 12. Bb2 Bb6 13. Be2 Nd7 14. O-O f5 15. Qc4 Nf6 16. Qh4 Kh8 17. Bc4 Bd7 (17... e4 $5 {[%cal Re4f3]} 18. Ng5 h6 $15) 18. Ng5 {[#] Strongly threatening Nxh7!} h6 19. f4 Ne4 20. Nf3 Qxh4 21. Nxh4 Nxd2 22. Ng6+ Kg8 {[#] White must now prevent ...Rf6.} 23. Nxf8 Kxf8 24. fxe5 Nxf1 25. Rxf1 {next e6 is good for White.} dxe5 26. Bxe5 Re8 $36 {[%mdl 2048] Black has strong initiative.} (26... Bxe3+ 27. Kh2 $15) 27. Bd4 (27. Bg3 $17 {was called for.}) 27... Bxd4 $19 28. exd4 {[%mdl 4096] Endgame KRB-KRB} Re3 29. d6 cxd6 30. Bb5 Be6 (30... Bxb5 31. Rxf5+ Ke7 32. Rxb5 $11) 31. d5 Bf7 ({Resist} 31... Rxb3 32. Bc4 $17) ({Not} 31... Bxd5 32. Rxf5+ Bf7 33. Bc4 $11) 32. Rxf5 (32. Bc4 $142) 32... Rxb3 33. a4 Ke7 34. Rf2 Rb1+ ({Don't do} 34... Bxd5 35. Rc2) 35. Kh2 Rd1 36. Rc2 (36. Re2+ $142 Kd8 37. g4) 36... Bxd5 37. Be2 Rd4 {Precision: White = 32%, Black = 81%.} 0-1

[Event "Teplice Open 2017"]
[Site "Teplice"]
[Date "2017.06.12"]
[Round "3"]
[White "Rubes, Jan"]
[Black "Ahlander, Bjorn"]
[Result "1-0"]
[WhiteElo "2323"]
[BlackElo "2423"]
[Annotator "TA"]
[PlyCount "113"]
[EventDate "2017.??.??"]
[EventCountry "CZE"]
[SourceTitle "playchess.com"]
[Source "ChessBase"]
[SourceQuality "1"]

{[%evp 17,113,47,24,41,57,54,63,43,56,-2,101,108,110,113,121,109,135,128,202,166,158,143,150,120,119,116,203,127,127,111,113,80,129,98,218,189,233,221,1243,1171,1122,845,830,821,1421,1237,1225,1206,1004,381,381,233,377,372,381,381,379,372,435,421,539,525,583,576,608,599,608,592,612,608,581,527,667,645,645,630,866,826,2994,2200,29974,29975,29971,29972,29976,29977,29975,29977,29976,29977,29986,29987,29987,29987,29990,29991,29992,29993]} 1. e4 c5 2. Nf3 d6 3. d4 cxd4 4. Nxd4 Nf6 5. Nc3 a6 6. Be3 e5 7. Nb3 Be7 8. h3 {B90: Sicilian Najdorf: Unusual White 6th moves, 6 Be3 Ng4 and 6 Be3 e5} (8. Qd2 Be6 9. O-O-O Nbd7 10. f4 exf4 11. Bxf4 Ne5 12. Nd4 O-O 13. g3 Qd7 14. Nf5 Bxf5 15. exf5 Qxf5 16. Bg2 Rac8 17. Kb1 Nc4 18. Qd3 Qa5 19. Nd5 Nxd5 20. Bxd5 {1-0 (43) Morozevich,A (2676)-Nepomniachtchi,I (2767) Doha 2016}) 8... O-O 9. g4 Be6 {LiveBook: 25 Games} 10. g5 {White has an edge.} Ne8 11. Qd2 a5 12. a4 $146 ({Predecessor:} 12. f4 exf4 13. Bxf4 Nc6 14. a4 Rc8 15. h4 Nb4 {1-0 (29) Stukopin,A (2583)-Torres Rosas,L (2331) South Padre Island 2014}) 12... Nc6 13. Nd5 (13. O-O-O $14) 13... Bxd5 (13... Nb4 $11 {keeps the balance.}) 14. exd5 $16 Nb4 15. c3 $36 {[%mdl 2048] White is on the roll.} Na6 16. h4 f5 17. f4 Qc7 (17... exf4 $16 18. Bxf4 Nc5) 18. Bb5 Nc5 19. Nxc5 dxc5 20. fxe5 Qxe5 {Threatens to win with ...f4.} 21. O-O-O Qc7 (21... Bd6 $16 {is a better defense.}) 22. g6 f4 23. gxh7+ Kh8 24. Bf2 {And now Bxe8 would win.} Nd6 25. Bd3 c4 (25... Nf7 $16) 26. Bc2 $18 b5 27. Bd4 {Hoping for Bxg7+!} bxa4 $2 {[#]} (27... Bf6 28. Qxf4 Bxd4 29. Qxd4 bxa4 30. Bxa4 Rab8) 28. Bxg7+ $1 {[%mdl 512]} Kxg7 29. Rhg1+ Kh8 {[#]} 30. Qd4+ $1 Rf6 31. Rg6 Raf8 32. Rdg1 {White threatens Rg8+ and mate.} Qd8 33. Rg8+ $2 (33. Qe5 {Intending Rg8+ and mate.} Nf7 34. Rg8+ Rxg8 35. hxg8=R+ Qxg8 36. Rxg8+ Kxg8 37. Qxe7) 33... Rxg8 34. hxg8=Q+ Qxg8 35. Rxg8+ Kxg8 36. Bd1 Kf8 37. Bf3 a3 38. bxa3 a4 39. h5 Kf7 40. Kd2 Kf8 41. Qa7 Nf7 42. Ke2 Rf5 43. Qxa4 Re5+ 44. Kf2 Bh4+ 45. Kg2 Rg5+ 46. Kf1 Ne5 47. Qa8+ Kf7 48. d6 {Bd5+ would kill now.} Ke6 49. Qd5+ {White mates.} Kd7 50. Bg2 Ng4 51. Qc6+ Ke6 52. Bh3 Ke5 53. Qc5+ Ke4 54. Qxc4+ Ke5 55. Qd4+ Kf5 56. d7 Rg8 57. Qd5+ {Precision: White = 77%, Black = 32%.} 1-0

[Event "Teplice Open 2017"]
[Site "Teplice"]
[Date "2017.06.12"]
[Round "3"]
[White "Mikes, Jan"]
[Black "Hnydiuk, Aleksander"]
[Result "0-1"]
[WhiteElo "2212"]
[BlackElo "2404"]
[Annotator "TA"]
[PlyCount "62"]
[EventDate "2017.??.??"]
[EventCountry "CZE"]
[SourceTitle "playchess.com"]
[Source "ChessBase"]
[SourceQuality "1"]

{[%evp 9,62,-10,-11,-33,-18,-15,-20,-14,-13,-78,-71,-73,-65,-60,-56,-97,-66,-100,-79,-103,-78,-177,-184,-344,-326,-327,-321,-282,-264,-303,-296,-289,-276,-320,-328,-331,-316,-340,-304,-310,-252,-337,-277,-294,-263,-577,-570,-560,-560,-603,-613,-1727,-941,-854,-636]} 1. e4 Nf6 2. Nc3 e5 3. d3 d5 4. Bg5 (4. exd5 Nxd5 5. Nxd5 Qxd5 6. Qf3 Qd6 7. Bd2 Nc6 8. Ne2 Be6 9. a3 O-O-O 10. g3 Bd5 11. Qg4+ Kb8 {½-½ (54) Molchanova,T (2245)-Shkapenko,P (2407) Minsk 2015}) 4... Bb4 5. exd5 Qxd5 6. Nge2 {C26: Vienna Game: 2...Nf6, sidelines} (6. Bxf6 $5 Bxc3+ 7. bxc3 gxf6 8. c4 Qa5+ 9. Qd2 Qxd2+ 10. Kxd2 $11) 6... Qc6 $146 ({Predecessor:} 6... Qe6 7. a3 Bc5 8. Ng3 Ng4 9. Nce4 Nd7 10. Be2 Ngf6 11. Bxf6 gxf6 {0-1 (54) Chalus,K (2119)-Pechoc,B (1977) Czechia 2002}) 7. a3 Ba5 8. Qd2 {The position is equal.} O-O 9. Bxf6 (9. O-O-O $11) 9... Qxf6 $17 10. Ng3 Nc6 11. Be2 Nd4 12. O-O Qf4 13. Qd1 Be6 $36 {[%mdl 2048] Keeping White busy.} 14. Nce4 Rad8 15. Nh5 (15. b4 $17 {was worth a try.} Bb6 16. c3) 15... Qh6 $19 16. g4 $2 {[#]} (16. Nc5 Bd5 17. c3) 16... f5 17. gxf5 Bxf5 ({Weaker is} 17... Rxf5 18. Bg4 $17) 18. Nhg3 Bh3 19. b4 Bxf1 20. Qxf1 Bb6 ({Less strong is} 20... Nxc2 21. Ra2 $15) 21. c4 Nxe2+ 22. Qxe2 {White wants to play c5.} Bd4 23. Ra2 Qc1+ 24. Kg2 Rf4 25. Qh5 Rdf8 26. Ng5 {[%csl Gg5][%cal Rh5h7]} h6 27. Nh3 $2 {[#]} (27. Ne6 Qb1 28. Re2) 27... Rf3 $1 {Black is clearly winning.} 28. Qg6 (28. Qxf3 Rxf3) 28... Qd1 29. Qe6+ Kh8 30. Ne4 Qxd3 31. Qg4 R3f4 {Precision: White = 29%, Black = 56%.} 0-1

[Event "Teplice Open 2017"]
[Site "Teplice"]
[Date "2017.06.12"]
[Round "3"]
[White "Liepold, Stefan"]
[Black "Bajarani, Ulvi"]
[Result "1/2-1/2"]
[WhiteElo "2186"]
[BlackElo "2486"]
[Annotator "TA"]
[PlyCount "196"]
[EventDate "2017.??.??"]
[EventCountry "CZE"]
[SourceTitle "playchess.com"]
[Source "ChessBase"]
[SourceQuality "1"]

{[%evp 17,196,-10,0,0,0,-7,0,-21,-21,-21,-20,-85,-36,-44,-24,-21,-21,-21,-23,-46,-53,-115,-119,-133,-21,-118,-82,-86,-82,-92,-75,-102,-93,-115,-108,-106,-104,-106,-106,-108,-106,-117,-103,-116,-96,-108,-78,-82,-79,-85,-75,-92,-37,-44,-23,-42,-24,-31,-10,-29,0,-84,-86,-78,-81,-91,0,0,0,0,0,0,0,0,0,0,0,0,0,0,0,-8,-8,-8,-8,-8,-8,-68,-68,-92,-16,-54,-7,-7,-7,-8,-7,-7,0,0,0,0,0,-7,0,-8,-8,-8,-8,-8,-8,-8,-8,-8,-8,-8,-8,-8,-8,-8,-8,-8,-8,-8,-8,-8,-8,-8,-8,-8,-8,-8,-8,-8,-8,-8,-8,-8,-8,-8,-8,-8,-8,-8,-8,-8,-8,-8,0,0,0,0,0,0,0,-8,-8,-8,-8,-8,-8,-8,-8,-8,-8,-8,-8,-8,-8,-8,-8,-8,-8,-8,-8,-8,-8,-8,0,0,0]} 1. e4 e6 2. d4 d5 3. Nc3 Bb4 4. e5 c5 5. a3 Bxc3+ 6. bxc3 Ne7 7. h4 Qc7 8. h5 {C18: French: 3 Nc3 Bb4: Main line: 7 h4 and 7 Qg4} (8. Nf3 b6 9. Bb5+ Bd7 10. Bd3 Ba4 11. h5 cxd4 12. cxd4 Qc3+ 13. Bd2 Qxd3 14. cxd3 Bxd1 15. Kxd1 h6 16. Ke2 Nbc6 {0-1 (89) Caruana,F (2817)-So,W (2822) chess.com INT 2017}) 8... h6 9. Bd2 Bd7 {LiveBook: 3 Games} 10. Bd3 $146 ({Predecessor:} 10. Nf3 Nbc6 11. Rh4 O-O-O 12. Bd3 f6 13. Bf4 Qa5 14. Qd2 c4 15. Be2 g5 {1-0 (67) Fiderer,L (2288)-Moeldner,J (2248) Germany 2016}) 10... c4 11. Bf1 Ba4 12. Rc1 Nbc6 13. Qg4 Rg8 14. Qf4 (14. Qd1 $11) 14... Kd7 15. Be2 Raf8 16. Nh3 Kc8 17. Bg4 Qb6 {With the idea ...Qb2.} 18. O-O Qb2 19. Rb1 (19. Be1 $1 $15) 19... Qxc2 $17 20. Rfc1 Qe4 (20... g5 $17 21. Qe3 Qh7) 21. f3 (21. Qxe4 $11 {keeps the balance.} dxe4 22. Rb2) 21... Qxf4 (21... Qh7 {with more complications.} 22. Rb2 Na5 23. Qe3 Nb3 24. Rcb1 Kb8) 22. Nxf4 Rh8 23. Be1 b5 24. Bh4 Kd7 25. Bxe7 Nxe7 26. Kf2 a5 27. Rb2 Rb8 28. Ke2 Rb6 29. Kd2 Rhb8 30. Rcb1 Ke8 31. Ne2 Nc6 32. f4 b4 33. axb4 axb4 34. cxb4 Bb3 ({Better is} 34... Rxb4 $17 35. Rxb4 Rxb4 36. Rxb4 Nxb4) 35. Ra1 $15 Nxb4 36. f5 exf5 37. Bxf5 Nc6 38. Kc3 R6b7 39. Nf4 {[#]} (39. Ra6 $11 {remains equal.} Rc7 40. Rb1) 39... Na7 $1 $17 {[%cal Ra7b5] White must now prevent ...Nb5+.} 40. Ne2 Nb5+ 41. Kd2 {[#]} Rc7 (41... c3+ $1 $17 {[%mdl 512]} 42. Nxc3 Nxd4) 42. Ke3 $11 Ra7 (42... Rc6 {feels hotter.} 43. Ra5 f6 44. Rb1 Ke7 45. Rba1 Rcb6) 43. Rxa7 Nxa7 44. Nc3 Rd8 45. Rb1 Nc6 46. Nb5 Ke7 47. Ra1 Kf8 48. Ra6 Ne7 49. Bg4 (49. Bd7 $5) 49... Bc2 50. Nd6 Rb8 51. Ra7 g6 52. hxg6 (52. Ra6 $11) 52... Bxg6 $15 53. Rc7 h5 ({Black should play} 53... Rb2 $17 54. Be2 Nf5+ 55. Nxf5 Bxf5) 54. Bh3 Rb3+ 55. Kf4 {The position is equal.} c3 56. Bf5 Bxf5 57. Nxf5 Rb4 58. Rxc3 ({Don't go for} 58. Nxe7 $2 Rc4 $19) ({Avoid the trap} 58. Rxe7 $2 c2 $19) 58... Nxf5 59. Kxf5 Rxd4 $11 {[%mdl 4096] Endgame KR-KR} 60. Rh3 (60. Rc8+ {is more complex.} Kg7 61. Rc7 Rd2 62. e6 Rf2+ 63. Kg5) 60... h4 61. g3 hxg3 62. Rxg3 Rd1 63. e6 Rf1+ 64. Ke5 Re1+ 65. Kxd5 Rxe6 66. Rg5 Re1 67. Re5 $1 {[%cal Re5e1]} Rf1 68. Ke4 Kg7 {Strongly threatening ...Re1+.} 69. Rf5 Rg1 70. Kf3 Kg6 71. Ra5 Rb1 72. Kf2 Rb4 73. Ra3 f5 74. Kf1 Kg5 75. Rc3 Kf4 76. Ra3 Rd4 77. Rb3 Kg4 78. Ra3 Rf4+ 79. Kg2 Rb4 80. Kf2 Kg5 81. Rc3 Rh4 82. Ra3 Kg4 83. Rg3+ Kf4 {( -> ...Rh2+)} 84. Rf3+ Ke5 85. Ra3 Rh2+ 86. Kf1 Kf4 87. Ra4+ Kg5 88. Ra3 Rb2 89. Rc3 (89. Kg1 {seems wilder.} Kf4 90. Kf1 Kg4 91. Rd3 f4 92. Rc3) 89... f4 90. Ra3 Rh2 91. Rb3 Kg4 92. Ra3 Rh5 93. Kf2 $1 Rb5 94. Rc3 Rb1 95. Ra3 Rb4 96. Rc3 Ra4 97. Rb3 f3 {Hoping for ...Ra2+.} 98. Rb8 Ra2+ {Precision: White = 65%, Black = 57%.} 1/2-1/2

[Event "Teplice Open 2017"]
[Site "Teplice"]
[Date "2017.06.12"]
[Round "3"]
[White "Baum, Jonasz"]
[Black "Langrock, Hannes"]
[Result "1/2-1/2"]
[WhiteElo "2085"]
[BlackElo "2388"]
[Annotator "TA"]
[PlyCount "144"]
[EventDate "2017.??.??"]
[EventCountry "CZE"]
[SourceTitle "playchess.com"]
[Source "ChessBase"]
[SourceQuality "1"]

{[%evp 10,144,-2,-15,0,0,-4,-10,-6,0,0,0,0,-4,-3,-40,-14,-14,-18,-16,-24,-27,84,74,96,105,100,-18,-33,-27,197,191,187,183,206,217,222,191,203,203,248,117,113,76,76,14,124,106,117,115,108,112,122,112,128,116,122,122,137,129,136,135,141,100,111,111,120,109,121,121,121,121,121,114,122,116,116,117,108,87,128,125,119,121,93,106,110,0,187,187,187,100,100,100,100,100,109,100,88,38,88,71,114,109,190,197,178,0,0,0,0,0,0,0,0,0,0,0,0,0,0,0,0,0,0,0,0,0,0,0,0,0,0,0,0,0,0]} 1. e4 e6 2. d4 d5 3. Bd3 dxe4 4. Bxe4 Nf6 5. Bf3 c5 6. Ne2 Nc6 {[%cal Rc5d4] C01: French: Exchange Variation} 7. Be3 cxd4 (7... Nd5 8. Bxd5 Qxd5 9. Nbc3 Qxg2 10. Rg1 Qf3 11. Nb5 Rb8 12. dxc5 Bd7 13. Nc7+ Kd8 14. Nb5 {0-1 (54) Kramnik,V (2808)-Caruana,F (2808) Stavanger 2017}) 8. Nxd4 Ne5 9. Nc3 a6 10. O-O $40 {[%mdl 128] White mounts an attack.} Bd6 11. Re1 $146 ({Predecessor:} 11. Qe2 Qc7 12. g3 Nxf3+ 13. Qxf3 O-O 14. Rad1 {1-0 (72) Gerola,G (2473)-Volovici,D (2417) ICCF email 2007}) 11... Qc7 12. g3 Nxf3+ 13. Qxf3 O-O 14. Rad1 Be5 15. Qe2 Bd7 (15... Rd8 $11 {remains equal.}) 16. Bg5 $16 Bxd4 17. Rxd4 Nd5 18. Rxd5 (18. Nxd5 exd5 19. Rxd5 Rfe8 $11) (18. Qh5 $16 f6 19. Nxd5 exd5 20. Bxf6 $1 {[%mdl 512]}) 18... exd5 $11 19. Nxd5 Qd6 $2 (19... Qa5 $11 {and Black is okay.} 20. Qe5 Kh8) 20. Qd2 $18 Kh8 21. Be7 Qc6 22. Nb4 $1 {[%cal Rb4c6]} ({But not} 22. Bxf8 Rxf8 23. b3 Qd6 $16) 22... Qb5 23. Bxf8 Rxf8 24. Qd6 {[%cal Rd6f8]} Rg8 25. Nd3 (25. Re5 $18 Qc4 26. Qxd7 Qxb4 27. Qxf7) 25... Be6 $16 26. b3 Qa5 27. a4 (27. c4 $16) 27... Rd8 (27... Qd2 $1 $11) 28. Qe5 Rd5 29. Qe3 h6 30. Nf4 Rd6 31. Qe5 Qd8 32. Nxe6 Rxe6 {[%mdl 4096] Endgame KQR-KQR} 33. Qc3 Rc6 34. Qf3 Qd7 35. c4 {[%cal Bc2c4,Bc4c5][%mdl 32]} Rd6 36. c5 Rd3 37. Re3 Rxe3 38. Qxe3 {KQ-KQ} ({Don't play} 38. fxe3 $6 Kg8 $11) 38... a5 39. h4 Qd5 40. Qc3 Kh7 41. Kh2 Qf5 {[#]} 42. Kg2 $1 Qd5+ 43. Qf3 Qd7 44. Kf1 f5 45. Ke2 Kg6 46. Qf4 Qe6+ 47. Qe3 Qd5 48. Qf3 (48. Qc3 $16) 48... Qxc5 $2 (48... Qd7 $1 $11 {and Black stays safe.}) 49. Qxb7 $18 Qc2+ {[#]} 50. Kf1 (50. Kf3 $1 $18) 50... f4 $16 51. Qd5 ({Much weaker is} 51. gxf4 $6 Qd1+ 52. Kg2 Qg4+ 53. Kf1 Qd1+ 54. Kg2 Qg4+ 55. Kf1 Qd1+ $11) 51... fxg3 52. fxg3 Qc3 53. Kf2 Kh7 54. g4 Kh8 55. g5 hxg5 56. hxg5 Kh7 (56... Qb2+ $16 {keeps fighting.} 57. Ke3 Qc3+ 58. Ke4 Qb4+ 59. Ke3 Qc3+ 60. Ke4 Qc7) 57. Qe4+ $18 g6 58. Qh4+ $2 (58. Qe7+ $18 Kg8 59. Qd8+ Kf7 60. Qd5+ Kg7 61. Ke2) 58... Kg7 $11 {The position is equal.} 59. Qh6+ Kf7 60. Qh7+ Kf8 61. Qxg6 {And now Qf6+ would win.} Qb2+ 62. Ke1 {Threatens to win with Qf6+.} Qc1+ 63. Ke2 {Qf5+ is the strong threat.} Qb2+ 64. Kd1 {Black must now prevent Qf6+.} Qxb3+ 65. Qc2 Qd5+ 66. Qd2 Qb3+ 67. Ke2 Qxa4 68. Qd6+ Kg7 69. Qf6+ Kg8 70. g6 {Qf7+ would kill now.} Qc2+ 71. Ke3 {Intending Qf7+ and mate.} (71. Kf3 $5 {[%cal Rf6f7]} Qc4 72. Ke3 $11) 71... Qc5+ 72. Kd3 {Threatening mate with Qf7+.} (72. Kd2 $5 {[%cal Rf6f7]} Qb4+ 73. Ke3 $11) 72... Qd5+ {Precision: White = 60%, Black = 59%.} 1/2-1/2